| 000 | 00918cam a2200253 a 4500 | ||
|---|---|---|---|
| 001 | 000011649 | ||
| 005 | 20200929162520.0 | ||
| 008 | 751013s1962 ve 000 0 spa d | ||
| 040 |
_aDO-SdBNP _bspa _cLC _dBNPHU |
||
| 050 | 0 | 0 |
_aHG3883.V4 _bP4 |
| 082 |
_ann* _bP452f |
||
| 100 | 1 |
_aPernaut Ardanaz, Manuel. _927587 |
|
| 245 | 1 | 0 |
_aFrente a la prensa : _b[entrevista en el programa "Frente a la prensa."] / _cMauel Pernaut Ardanaz ; [Moderador: Carlos Rangel Guevara]. |
| 260 |
_aCaracas : _bUniversidad Católica Andres Bello, _c1962. |
||
| 300 |
_a62 p. ; _c22 cm. |
||
| 490 | 1 |
_aSaman, _v8 |
|
| 650 | 0 |
_aBalance of payments _zVenezuela. _927588 |
|
| 651 | 0 |
_aVenezuela _xEconomic Conditions _y1918-1958. _927589 |
|
| 700 | 1 |
_aRangel, Carlos, _d1929- _927590 |
|
| 730 | 0 |
_aFrente a la prensa (Programa de televisión) _927591 |
|
| 830 | 0 |
_aSaman, _v8 _927592 |
|
| 910 | _aCatalogación por copia / LC | ||
| 049 | _aBNGR | ||
| 999 |
_c11338 _d11338 |
||